Most Common Letters of the Alphabet - Whammies - Statistics

General Stats
  • This quiz has been taken 69,506 times
  • The average score is 6 of 10
Answer Stats
% Letter % Correct
8.0 A
99%
12.6 E
95%
6.9 I
85%
7.6 O
84%
9.1 T
69%
6.3 S
68%
6.0 R
52%
6.9 N
43%
6.2 H
27%
4.3 D
25%
No matching quizzes found
Score Distribution
Percent of People with Each Score
Percentile by Number Answered
Your Score History
You have not taken this quiz